000 00822cam a2200289 4500
001 M2072
008 090401t1995 xxu||||| |||| 00| 0 eng d
035 _a(Sirsi) u36330
041 _aeng
050 _a333.337
100 _aMcNamara, Paul
245 4 _aThe adequacy and accuracy of commercial property data : the need for property data.
260 _aLondon
_bSociety of Property Researchers
_c1995
300 _aiv,32p. ; 30cm.
350 _a0
490 _aWorking Paper
_v1
650 _aPROPERTY-COMMERCIAL PROPERTY
650 _aPROPERTY DATA
650 _aPROPERTY INFORMATION
690 _aPROPERTY-COMMERCIAL PROPERTY
700 _aPatterson, Alan
700 _aSmith, Andrew
700 _aWyatt, Peter
710 _aSociety of Property Researchers
_923
942 _n0
948 _c04/03/1997
999 _c90252
_d90252